LEADER 01052nam a2200313 i 4500 001 991000701889707536 005 20020507172450.0 008 960223s1982 us ||| | eng 020 $a0387906932 035 $ab10745233-39ule_inst 035 $aLE01300944$9ExL 040 $aDip.to Matematica$beng 082 0 $a512.24 084 $aAMS 16-01 084 $aAMS 16-XX 100 1 $aPierce, Charles S.$0845242 245 10$aAssociative algebras /$cRichard S. Pierce 260 $aNew York :$bSpringer-Verlag,$c1982 300 $axii, 436 p. ;$c25 cm. 490 0 $aGraduate texts in mathematics,$x0072-5285 ;$v88 500 $aBibliography: p. 421-424. 500 $aIncludes index 650 0$aAssociative algebras 907 $a.b10745233$b08-11-21$c28-06-02 912 $a991000701889707536 945 $aLE013 16-XX PIE11 (1982)$g1$i2013000042800$lle013$o-$pE0.00$q-$rl$s- $t0$u1$v3$w30$x0$y.i10837310$z28-06-02 996 $aAssociative algebras$91885724 997 $aUNISALENTO 998 $ale013$b01-01-96$cm$da $e-$feng$gus $h0$i1 LEADER 00876nam a2200229 a 4500 001 991003765029707536 008 200213s1999 it b 001 0 ita d 035 $ab14383743-39ule_inst 040 $aDip. di Studi Umanistici$bita 082 0 $a610.92 100 1 $aNuzzaci, Francesco$0447549 245 10$aClaude Bernard :$bcrezionista e meccanicista : fisiologia, medicina, milieu intérieur /$bFrancesco Nuzzaci 260 $aLecce :$bLibreria Adriatica,$c1999 300 $a528 p. ;$c25 cm 504 $aBibliografia: p. 393-486. Indici 600 14$aBernard, Claude 907 $a.b14383743$b24-02-20$c13-02-20 912 $a991003765029707536 945 $aLE005 610 NUZ 01.01$g1$i2005000365171$lle005$og$pE25.00$q-$rl$s- $t0$u0$v0$w0$x0$y.i15919729$z24-02-20 996 $aClaude Bernard$9105454 997 $aUNISALENTO 998 $ale005$b13-02-20$cm$da $e-$fita$git $h0$i0